Соедения углерода: курс лекций органической химии читанных в Томском Технологическом Институте и Томском Университете; Ч. 1

Podrobná bibliografie
Hlavní autor: Михайленко Я. И. Яков Иванович
Jazyk:ruština
Vydáno: Томск, 1923
Témata:
Médium: MixedMaterials Kniha
KOHA link:https://koha.lib.tpu.ru/cgi-bin/koha/opac-detail.pl?biblionumber=191310

MARC

LEADER 00000nam0a2200000 4500
001 191310
005 20231031180702.0
035 |a (RuTPU)RU\TPU\book\208581 
090 |a 191310 
100 |a 20110204d1923 m y0rusy50 ca 
101 0 |a rus 
102 |a RU 
105 |a a j 000zy 
200 1 |a Соедения углерода  |e курс лекций органической химии читанных в Томском Технологическом Институте и Томском Университете  |h Ч. 1  |f Я. И. Михайленко 
210 |a Томск  |d 1923 
215 |a 507 с.  |c ил. 
610 1 |a органическая химия 
610 1 |a углерод 
610 1 |a углеродсодержащие соединения 
610 1 |a строение 
610 1 |a стереоизомерия 
610 1 |a карбоновые кислоты 
610 1 |a лекции 
610 1 |a учебные пособия 
610 1 |a перекиси 
610 1 |a спирты 
610 1 |a труды учёных ТПУ 
675 |a 547.2(075.8)  |v 3 
700 1 |a Михайленко  |b Я. И.  |c российский химик  |c профессор Томского технологического института (1902-1923), ректор (1921-1922)  |f 1864-1943  |g Яков Иванович  |2 stltpush  |3 (RuTPU)RU\TPU\pers\19083 
801 1 |a RU  |b 63413507  |c 20110204 
801 2 |a RU  |b 63413507  |c 20110210  |g RCR 
942 |c BK